| 000 | 01840nam0a2200397 4500 | ||
|---|---|---|---|
| 001 | RU\NLR\BIBL_A\022684114 | ||
| 005 | 20260420061316.0 | ||
| 010 |
_a978-5-0054-4103-4 _9300 |
||
| 021 |
_aRU _bКН-П-25-061628 _9КН-П-25-5955 |
||
| 035 | _a(NLR Aleph) 022684114 | ||
| 090 |
_a13686759 _c13686759 |
||
| 100 | _a20251210d2026 u y0rusy50 ca | ||
| 101 | 0 | _arus | |
| 102 | _aRU | ||
| 105 | _aa j 000yy | ||
| 181 | 0 |
_ai _baxxe |
|
| 182 | 0 | _an | |
| 200 | 1 |
_aИнформационный дизайн и медиа _eучебник для cтудентов, обучающихся по профессии среднего профессионального образования "Графический дизайнер" _fС. П. Рассадина, М. В. Исаева |
|
| 203 |
_aТекст _bвизуальный _cнепосредственный |
||
| 205 | _a3-е изд., стер. | ||
| 210 |
_aМосква _cАкадемия _d2026 (печ. 2025) |
||
| 215 |
_a237, [1] с., [8] л. цв. ил. _cил. _d22 |
||
| 225 | 1 |
_aПрофессиональное образование _iПрофессиональный модуль |
|
| 313 | _aПо изд. 2020 г. | ||
| 320 | _aБиблиогр.: с. 233-236 | ||
| 333 | _a12+ | ||
| 606 | 1 |
_aИнфографика _jУчебники для среднего профессионального образования _92261236 _3RU\NLR\AUTH\6601585612 |
|
| 686 | 1 | _aЗ973.2-018.3я723-1 | |
| 686 | 1 | _aЗ973.2-044.4я723-1 | |
| 686 | 1 | _aЩ150.48я72 | |
| 700 | 1 |
_aРассадина _bС. П. _gСветлана Павловна |
|
| 701 | 1 |
_7ca _8rus _aИсаева _bМ. В. _cканд. техн. наук _gМария Владимировна _9190971 _3RU\NLR\AUTH\770191022 |
|
| 942 | _cBOOK | ||
| 980 | _aNB | ||